000 00819nam a2200253 i 4500
001 100247
003 ES-MaACL
005 20250707035511.0
007 t|
008 050923s1985 sp ||||1| spa d
020 _a84-205-1136-6
100 1 _aMarx, Karl,
_d1818-1883
_978590
245 1 3 _aEl Manifiesto Comunista; Once tesis sobre Feuerbach /
_cMarx, Engels; edición y material didáctico Anselmo Sanjuán.
250 _a[1ª ed.].
260 _aMadrid :
_bAlhambra,
_c1985.
300 _aVIII, 127 p. :
_bil. ;
_c20 cm.
490 1 _aClásicos del pensamiento
700 1 _aEngels, Friedrich.
_947225
700 1 _aSanjuán, Anselmo.
_9103157
740 0 _aOnce tesis sobre Feuerbach.
830 0 0 _aClásicos del pensamiento
_9177261
852 _aES-MaACL
_jL-7857
_bR.108372
999 _c100247
_d100247